[Event "Montreal-ch op"]
[Site "Montreal"]
[Date "2015.09.13"]
[Round "4"]
[White "Bouchard, Jean Marc"]
[Black "Corriveau, Philippe"]
[Result "0-1"]
[WhiteElo "1911"]
[BlackElo "2012"]
[PlyCount "154"]
[EventDate "2015.09.11"]
[EventType "swiss"]
[EventRounds "5"]
[EventCountry "CAN"]
[SourceTitle "EXT 2016"]
[Source "ChessBase"]
[SourceDate "2015.10.08"]
[SourceVersion "1"]
[SourceVersionDate "2015.10.08"]
[SourceQuality "1"]

1. d4 g6 2. g3 Bg7 3. Bg2 d6 4. Nf3 Nd7 5. c3 e5 6. e3 Ngf6 7. dxe5 dxe5 8. b3 0-0 9. Nfd2 Re8 10. e4 Nc5 11. 0-0 b6 12. a4 Ba6 13. c4 Qd4 14. Ra2 Rad8 15. Qe2 Nd3 16. Ba3 Bh6 17. Rc2 Bb7 18. Kh1 Nc5 19. f3 Qd3 20. Qxd3 Rxd3 21. Bxc5 bxc5 22. Re1 Red8 23. Re2 Bc8 24. Bf1 Ne8 25. Rf2 Re3 26. Re2 Red3 27. Rf2 Re3 28. Re2 a5 29. Rxe3 Bxe3 30. Kg2 Ng7 31. Be2 Ne6 32. Nf1 Bh6 33. Nc3 c6 34. Kf2 Nd4 35. Rb2 Be6 36. Nd2 Kf8 37. Nd1 Bxd2 38. Rxd2 Rb8 39. Nb2 Nxb3 40. Rc2 Nd4 41. Rd2 Rb3 42. Bd1 Rc3 43. Nd3 f6 44. Nxc5 Bxc4 45. Nb7 Bb3 46. f4 Bxd1 47. Rxd1 Ra3 48. fxe5 fxe5 49. Nc5 Ke7 50. Rc1 Ra2+ 51. Ke3 Rxh2 52. Nb7 Rg2 53. Nxa5 Rxg3+ 54. Kf2 Rf3+ 55. Kg2 Ra3 56. Rc4 Kd7 57. Nb7 h5 58. Nc5+ Ke7 59. Rb4 h4 60. Rb2 g5 61. Rd2 g4 62. Nd3 Kd6 63. Nb2 Kc5 64. Nd3+ Kd6 65. Nb2 Ke6 66. Nd3 Kf6 67. Rf2+ Nf3 68. Ne1 Rxa4 69. Nxf3 gxf3+ 70. Kxf3 Kg5 71. Rg2+ Kh5 72. Rc2 Ra3+ 73. Kf2 Kg4 74. Rxc6 Ra2+ 75. Kg1 Kf3 76. Rc3+ Kxe4 77. Rh3 Kf4 0-1

[Event "Montreal-ch op"]
[Site "Montreal"]
[Date "2015.09.12"]
[Round "3"]
[White "Corriveau, Philippe"]
[Black "Zhang, Yuanchen"]
[Result "0-1"]
[WhiteElo "2012"]
[BlackElo "2235"]
[PlyCount "40"]
[EventDate "2015.09.11"]
[EventType "swiss"]
[EventRounds "5"]
[EventCountry "CAN"]
[SourceTitle "EXT 2016"]
[Source "ChessBase"]
[SourceDate "2015.10.08"]
[SourceVersion "1"]
[SourceVersionDate "2015.10.08"]
[SourceQuality "1"]

1. e4 e5 2. Nc3 Nf6 3. g3 Bc5 4. Bg2 Nc6 5. Nge2 a6 6. d3 d6 7. h3 0-0 8. 0-0 Be6 9. Kh2 d5 10. exd5 Nxd5 11. Ne4 Be7 12. f4 f5 13. N4c3 Bf6 14. fxe5 Bxe5 15. Nf4 Nxf4 16. Bxf4 Bxf4 17. Rxf4 Qd6 18. h4 Ne5 19. Qd2 Ng6 20. Rf3 Nxh4 0-1

[Event "Outaouais op (TORO)"]
[Site "Gatineau"]
[Date "2015.06.07"]
[Round "4"]
[White "Corriveau, Philippe"]
[Black "Vettese, Nicholas"]
[Result "0-1"]
[WhiteElo "2022"]
[BlackElo "2273"]
[PlyCount "48"]
[EventDate "2015.06.05"]
[EventType "swiss"]
[EventRounds "5"]
[EventCountry "CAN"]
[SourceTitle "EXT 2019"]
[Source "ChessBase"]
[SourceDate "2018.10.10"]
[SourceVersion "1"]
[SourceVersionDate "2018.10.10"]
[SourceQuality "1"]

1. e4 c5 2. Nc3 e6 3. Nf3 d6 4. g3 Nf6 5. Bg2 Be7 6. 0-0 0-0 7. d4 cxd4 8. Nxd4 a6 9. h3 Qc7 10. g4 Nc6 11. Nde2 b5 12. Ng3 Bb7 13. a3 Ne5 14. Nce2 d5 15. g5 Nxe4 16. Nxe4 dxe4 17. Bf4 Bd6 18. Bxe5 Bxe5 19. c3 Qc5 20. Qc1 Bd6 21. Rd1 Qe5 22. Qe3 Rfe8 23. Rd2 Be7 24. Rad1 Qxg5 0-1

[Event "Elite-ch POM"]
[Site "Montreal"]
[Date "2013.10.13"]
[Round "5"]
[White "Corriveau, Philippe"]
[Black "Gutierrez, Leonela"]
[Result "0-1"]
[WhiteElo "2031"]
[BlackElo "2079"]
[PlyCount "92"]
[EventDate "2013.10.11"]
[EventType "swiss"]
[EventRounds "7"]
[EventCountry "CAN"]
[SourceTitle "EXT 2022"]
[Source "ChessBase"]
[SourceDate "2021.10.06"]
[SourceVersion "1"]
[SourceVersionDate "2021.10.06"]
[SourceQuality "1"]

1. e4 c5 2. Nc3 a6 3. a4 e6 4. d3 Nc6 5. g3 g6 6. Bg2 Bg7 7. Be3 d6 8. Qd2 Rb8 9. Nf3 Nd4 10. Rb1 Qa5 11. 0-0 Ne7 12. Nh4 0-0 13. f4 b5 14. axb5 axb5 15. Qf2 Bb7 16. Rfc1 f5 17. b4 Qa3 18. Nd1 Nec6 19. c3 Nb3 20. Rc2 Ra8 21. exf5 gxf5 22. Rcb2 c4 23. d4 Qa6 24. Nf3 Ne7 25. Nd2 Nxd2 26. Bxd2 Bxg2 27. Qxg2 Nd5 28. Ne3 Bxd4 29. cxd4 c3 30. Bxc3 Nxc3 31. Rc1 Ne4 32. g4 Kh8 33. g5 Qa3 34. Qe2 Rac8 35. Re1 Qc3 36. d5 exd5 37. Nxd5 Qd4+ 38. Ne3 Rc3 39. Ra2 Rc7 40. Kg2 Nc3 41. Qc2 Qxf4 42. Ra3 Qxb4 43. Rb3 Qc5 44. Nd1 Qd5+ 45. Kg1 Ne2+ 46. Qxe2 Qxb3 0-1

[Event "Montreal op"]
[Site "Montreal"]
[Date "2013.09.07"]
[Round "2"]
[White "Corriveau, Philippe"]
[Black "Libersan, Thierry"]
[Result "0-1"]
[WhiteElo "2048"]
[BlackElo "2143"]
[PlyCount "106"]
[EventDate "2013.09.06"]
[EventType "swiss"]
[EventRounds "5"]
[EventCountry "CAN"]
[SourceTitle "EXT 2022"]
[Source "ChessBase"]
[SourceDate "2021.10.06"]
[SourceVersion "1"]
[SourceVersionDate "2021.10.06"]
[SourceQuality "1"]

1. e4 c5 2. Nc3 Nc6 3. g3 g6 4. Bg2 Bg7 5. d3 d6 6. f4 e6 7. Nf3 Nge7 8. 0-0 0-0 9. Be3 Nd4 10. e5 Nec6 11. Ne4 dxe5 12. Nxe5 Nxe5 13. fxe5 Bxe5 14. c3 Nf5 15. Bxc5 Re8 16. Qf3 Bd7 17. g4 Bc6 18. gxf5 exf5 19. Qf2 fxe4 20. Qxf7+ Kh8 21. d4 Bd5 22. Qf2 Bg7 23. Qe3 b6 24. Ba3 Qh4 25. Bd6 Re6 26. Bg3 Qe7 27. b3 b5 28. Rac1 Rc6 29. Bh3 Rd8 30. Rf2 h5 31. Bf4 Rf8 32. Bg5 Qe8 33. Rcf1 Rxf2 34. Rxf2 Kh7 35. Rc2 Qh8 36. Kh1 Bxd4 37. Qe2 Bxc3 38. Qxb5 Qd4 39. Qb7+ Kh8 40. Qa8+ Bg8 41. Rc1 Qd5 42. Bf4 Rf6 43. Qb8 Bd2 44. Be5 Bxc1 45. Bxf6+ Kh7 46. Qc7+ Qf7 47. Qxc1 Qxf6 48. Bg2 Qe5 49. Qe1 Bd5 50. h3 e3 51. Qe2 Qd4 52. Bxd5 Qxd5+ 53. Kh2 Qd2 0-1

[Event "Gatineau TORO"]
[Site "Gatineau"]
[Date "2013.06.09"]
[Round "4"]
[White "Corriveau, Philippe"]
[Black "Martin, Spencer"]
[Result "1-0"]
[WhiteElo "1989"]
[BlackElo "1955"]
[PlyCount "71"]
[EventDate "2013.06.07"]
[EventType "swiss"]
[EventRounds "5"]
[EventCountry "CAN"]
[SourceTitle "EXT 2022"]
[Source "ChessBase"]
[SourceDate "2021.10.06"]
[SourceVersion "1"]
[SourceVersionDate "2021.10.06"]
[SourceQuality "1"]

1. e4 e5 2. Nf3 Nf6 3. Nc3 Bb4 4. Nxe5 0-0 5. Be2 Re8 6. Nd3 Bxc3 7. dxc3 Nxe4 8. 0-0 d5 9. Nf4 c6 10. Bd3 Bf5 11. Qh5 Re5 12. Be3 Nd7 13. Bd4 Nef6 14. Qf3 Bxd3 15. cxd3 Re8 16. Rfe1 Qc7 17. Ne2 Re6 18. Ng3 Rae8 19. Kf1 c5 20. Bxf6 Nxf6 21. Rxe6 Rxe6 22. Re1 Rxe1+ 23. Kxe1 Qe5+ 24. Kd2 Qe6 25. h3 Nd7 26. Qf4 Qe5 27. Qg4 Nb6 28. Nh5 g6 29. Ng3 f5 30. Qg5 Qd6 31. Nxf5 Qf8 32. Ne7+ Kf7 33. Nxd5 Nxd5 34. Qxd5+ Ke8 35. Qe5+ Kd8 36. Qb8+ 1-0

[Event "Quebec-ch Elite"]
[Site "Montreal"]
[Date "2010.10.11"]
[Round "6"]
[White "Corriveau, Philippe"]
[Black "Zhu, Hong Rui"]
[Result "1-0"]
[WhiteElo "2003"]
[BlackElo "1935"]
[PlyCount "101"]
[EventDate "2010.10.08"]
[EventType "swiss"]
[EventRounds "7"]
[EventCountry "CAN"]
[SourceTitle "EXT 2013"]
[Source "ChessBase"]
[SourceDate "2012.11.22"]
[SourceVersion "1"]
[SourceVersionDate "2012.11.22"]
[SourceQuality "1"]

1. e4 c5 2. Nc3 g6 3. g3 Bg7 4. Bg2 Nc6 5. d3 d6 6. Be3 e6 7. Qd2 b6 8. Nge2 Bb7 9. 0-0 Nge7 10. Bh6 0-0 11. Bxg7 Kxg7 12. d4 e5 13. d5 Nd4 14. Nxd4 cxd4 15. Nb5 Qd7 16. Qb4 a5 17. Qxd6 Qxd6 18. Nxd6 Ba6 19. a4 Bxf1 20. Bxf1 Nc8 21. Nc4 f6 22. Bh3 Rd8 23. Bxc8 Raxc8 24. b3 Rb8 25. f4 Re8 26. Re1 Re7 27. Kg2 h6 28. h4 h5 29. fxe5 fxe5 30. g4 hxg4 31. Kg3 Rc7 32. Nxe5 Rxc2 33. Nc6 Rf8 34. Nxd4 Rc3+ 35. Kxg4 Rf2 36. e5 Rd3 37. Ne6+ Kh6 38. d6 Rb2 39. Kf4 Rdxb3 40. Rd1 Rf2+ 41. Ke4 Rb4+ 42. Kd5 Rf7 43. Ng5 Ra7 44. e6 Rf4 45. e7 Ra8 46. d7 Rff8 47. exf8Q+ Rxf8 48. Ne6 Ra8 49. d8Q Rxd8+ 50. Nxd8 Kh5 51. Rd4 1-0

[Event "Montreal op"]
[Site "Montreal"]
[Date "2010.09.12"]
[Round "4"]
[White "Corriveau, Philippe"]
[Black "Larochelle, Martial"]
[Result "0-1"]
[WhiteElo "2011"]
[BlackElo "2086"]
[PlyCount "68"]
[EventDate "2010.09.10"]
[EventType "swiss"]
[EventRounds "5"]
[EventCountry "CAN"]
[SourceTitle "CBM 138 Extra"]
[Source "ChessBase"]
[SourceDate "2010.10.29"]
[SourceVersion "1"]
[SourceVersionDate "2010.10.29"]
[SourceQuality "1"]

1. e4 c5 2. Nc3 d6 3. g3 Nc6 4. Bg2 g6 5. d3 Bg7 6. Be3 Nf6 7. h3 e5 8. Nge2 Nd4 9. 0-0 0-0 10. f4 Nh5 11. Kh2 exf4 12. Nxf4 Nxf4 13. Bxf4 Be6 14. Qd2 Qd7 15. Nd5 Bxd5 16. exd5 b5 17. c3 Nf5 18. Be4 Ne7 19. g4 f5 20. gxf5 Nxf5 21. Rae1 Rae8 22. Bxf5 Rxf5 23. Bg3 Rxd5 24. Re3 Rxe3 25. Qxe3 Be5 26. Qe4 Bxg3+ 27. Kxg3 Re5 28. Qf3 Qe7 29. Kg2 Kg7 30. Rf2 Rf5 31. Qc6 Qg5+ 32. Kf1 Qc1+ 33. Kg2 Rg5+ 34. Kf3 Qh1+ 0-1

[Event "Sherbrooke op A"]
[Site "Sherbrooke"]
[Date "2007.05.27"]
[Round "4"]
[White "Corriveau, Philippe"]
[Black "Liard, Serge"]
[Result "1-0"]
[WhiteElo "1958"]
[BlackElo "1948"]
[PlyCount "73"]
[EventDate "2007.05.25"]
[EventType "swiss"]
[EventRounds "5"]
[EventCountry "CAN"]
[SourceTitle "EXT 2022"]
[Source "ChessBase"]
[SourceDate "2021.10.06"]
[SourceVersion "1"]
[SourceVersionDate "2021.10.06"]
[SourceQuality "1"]

1. e4 c5 2. Nc3 Nc6 3. g3 d6 4. Bg2 Nf6 5. d3 Bg4 6. f3 Bh5 7. g4 Bg6 8. f4 h6 9. Nh3 e6 10. 0-0 Qd7 11. f5 exf5 12. exf5 Bh7 13. Nf4 0-0-0 14. Ncd5 Be7 15. c3 Rde8 16. b4 cxb4 17. Rb1 Nxg4 18. Qa4 Bd8 19. cxb4 Bf6 20. Bb2 Bxb2 21. Rxb2 Kb8 22. b5 Nd8 23. Rc1 Qxf5 24. b6 Nc6 25. Rxc6 Re1+ 26. Bf1 a6 27. Rcc2 Ne5 28. Kf2 Ra1 29. Qb4 Rd8 30. Qc3 Nc6 31. Bh3 Qg5 32. Rc1 Qh4+ 33. Kg2 Qg5+ 34. Kf3 Ne5+ 35. Ke2 Bxd3+ 36. Kd2 Rxc1 37. Qxc1 1-0

[Event "Sherbrooke Perpetuelles 06-10"]
[Site "Sherbrooke"]
[Date "2003.08.01"]
[Round "3"]
[White "Corriveau, Philippe"]
[Black "Pilotte, Benoit"]
[Result "1-0"]
[WhiteElo "2097"]
[BlackElo "1689"]
[PlyCount "95"]
[EventDate "2003.07.??"]
[EventType "swiss"]
[EventRounds "5"]
[EventCountry "CAN"]
[SourceTitle "EXT 2006"]
[Source "ChessBase"]
[SourceDate "2005.11.24"]
[SourceVersion "1"]
[SourceVersionDate "2005.11.24"]
[SourceQuality "1"]

1. e4 d6 2. d4 Nf6 3. Nc3 g6 4. g3 Bg7 5. Bg2 0-0 6. Nge2 e5 7. h3 Nc6 8. Be3 Nh5 9. d5 Ne7 10. g4 Nf6 11. Qd2 h5 12. gxh5 Nxh5 13. 0-0-0 a6 14. Bf3 f5 15. exf5 Nxf5 16. Bg5 Bf6 17. Bxf6 Nxf6 18. Rdg1 Kf7 19. h4 Rh8 20. Qg5 Ne7 21. Be4 Qg8 22. f4 Bf5 23. fxe5 Nxe4 24. Nxe4 Bxe4 25. Qf4+ Bf5 26. exd6 cxd6 27. Nd4 Nxd5 28. Qf3 Ne7 29. h5 Rh6 30. Nxf5 gxf5 31. Rxg8 Rxg8 32. Qxb7 d5 33. b4 Rc8 34. Rh2 Rhc6 35. a4 d4 36. Kb2 R8c7 37. Qb8 Nd5 38. h6 Rb6 39. Qxb6 Nxb6 40. h7 Rc8 41. h8Q Rxh8 42. Rxh8 Nxa4+ 43. Kb3 Nc3 44. Rh6 f4 45. Rxa6 Ke7 46. Kc4 f3 47. Kxd4 Nd1 48. Ra1 1-0

[Event "Montreal op"]
[Site "Montreal"]
[Date "2000.??.??"]
[Round "2"]
[White "Fillion, Steve"]
[Black "Corriveau, Philippe"]
[Result "1-0"]
[WhiteElo "2143"]
[BlackElo "1802"]
[PlyCount "133"]
[EventDate "2000.??.??"]
[EventType "swiss"]
[EventRounds "5"]
[EventCountry "CAN"]
[SourceTitle "EXT 2003"]
[Source "ChessBase"]
[SourceDate "2002.11.25"]
[SourceVersion "1"]
[SourceVersionDate "2002.11.25"]
[SourceQuality "1"]

1. e4 e5 2. Nf3 Nc6 3. Nc3 g6 4. d4 exd4 5. Nxd4 Bg7 6. Nxc6 bxc6 7. Bc4 Ne7 8. 0-0 0-0 9. Bg5 d6 10. Qd3 Rb8 11. Rad1 Be6 12. Bb3 Qd7 13. f4 f6 14. Bh4 Kh8 15. Qa6 Ra8 16. Ba4 Rfb8 17. Nd5 Bxd5 18. exd5 Qg4 19. Bf2 Nxd5 20. Bxc6 Nb4 21. Qc4 Nxc6 22. Qxc6 Qc8 23. Bd4 Qb7 24. Qc3 Rf8 25. Rfe1 c5 26. Bf2 f5 27. Qc4 Rad8 28. b3 a6 29. Rd5 Rf7 30. Qd3 Rfd7 31. Bh4 Rf8 32. Rxd6 Bd4+ 33. Rxd4 cxd4 34. Re6 Kg7 35. Rxa6 Re8 36. Bf6+ Kg8 37. Be5 Qe4 38. Qc4+ Qd5 39. Qxd5+ Rxd5 40. Rc6 Rd7 41. b4 Ra8 42. Rc4 d3 43. cxd3 Rxd3 44. Rc2 Rda3 45. b5 R8a5 46. Rb2 Ra7 47. b6 Rb7 48. Bc7 Rc3 49. Rd2 Rcxc7 50. bxc7 Rxc7 51. Kf2 Ra7 52. Ke3 Ra4 53. g3 Kg7 54. Kd3 h6 55. Kc3 g5 56. Kb3 Re4 57. fxg5 hxg5 58. a4 Kg6 59. a5 Kh5 60. a6 Kg4 61. a7 Re8 62. Kc4 Kh3 63. Ra2 Rd8 64. a8Q Rxa8 65. Rxa8 Kxh2 66. Ra3 Kg2 67. Kd4 1-0

[Event "Quebec-ch Intercoll"]
[Site "Longueuil"]
[Date "1994.04.02"]
[Round "3"]
[White "Corriveau, Philippe"]
[Black "Pregent, Daniel"]
[Result "0-1"]
[WhiteElo "1454"]
[BlackElo "1664"]
[PlyCount "60"]
[EventDate "1994.04.01"]
[EventType "swiss"]
[EventRounds "6"]
[EventCountry "CAN"]
[SourceTitle "EXT 2022"]
[Source "ChessBase"]
[SourceDate "2021.10.06"]
[SourceVersion "1"]
[SourceVersionDate "2021.10.06"]
[SourceQuality "1"]

1. e4 c5 2. Nf3 d6 3. d4 cxd4 4. Nxd4 Nf6 5. Nc3 a6 6. Bg5 e6 7. Be2 Be7 8. Qd2 Qc7 9. a4 Bd7 10. 0-0 0-0 11. f4 Nc6 12. Nb3 Rfd8 13. f5 Rf8 14. Kh1 Ne5 15. Qf4 Bc6 16. Qg3 Kh8 17. Bxf6 Bxf6 18. Qh3 Qe7 19. Nd4 Bd7 20. fxe6 fxe6 21. Nf3 Ng6 22. Ng1 Rac8 23. Qe3 Be5 24. Rxf8+ Rxf8 25. Nf3 Bf4 26. Qd3 Bc6 27. b3 Ne5 28. Nxe5 Bxe5 29. Rd1 Qh4 30. g3 Qg5 0-1

[Event "Quebec-ch Intercoll"]
[Site "Longueuil"]
[Date "1994.04.01"]
[Round "1"]
[White "Corriveau, Philippe"]
[Black "Berson, Jordan"]
[Result "0-1"]
[WhiteElo "1454"]
[BlackElo "1744"]
[PlyCount "88"]
[EventDate "1994.04.01"]
[EventType "swiss"]
[EventRounds "6"]
[EventCountry "CAN"]
[SourceTitle "EXT 2022"]
[Source "ChessBase"]
[SourceDate "2021.10.06"]
[SourceVersion "1"]
[SourceVersionDate "2021.10.06"]
[SourceQuality "1"]

1. e4 c6 2. d4 d5 3. e5 Bf5 4. Bd3 Bxd3 5. Qxd3 e6 6. Ne2 Qa5+ 7. c3 Qa6 8. Qc2 Ne7 9. 0-0 Nd7 10. Bg5 Ng6 11. b4 h6 12. Be3 Be7 13. f4 Nh4 14. Ng3 g6 15. Nd2 0-0-0 16. a4 Qb6 17. Rfb1 a6 18. c4 Kb8 19. c5 Qc7 20. b5 Ka8 21. Rb2 Nf5 22. Nxf5 gxf5 23. Qd3 Nb8 24. Rab1 Rhg8 25. Qb3 Rd7 26. Nf3 f6 27. bxa6 Nxa6 28. Qb6 Qc8 29. exf6 Bxf6 30. Ne5 Rdg7 31. Rc2 Bxe5 32. fxe5 h5 33. Qb2 Rg4 34. h3 Rg3 35. Bf4 Rxh3 36. Kf1 Rh1+ 37. Kf2 Rxb1 38. Qxb1 Rg4 39. Ke3 Qd8 40. Qb6 Qxb6 41. cxb6 Nb4 42. Rb2 Rxf4 43. Rxb4 Re4+ 44. Kd3 c5 0-1

[Event "Quebec-ch Intercoll"]
[Site "Joliette"]
[Date "1993.04.09"]
[Round "1"]
[White "Corriveau, Philippe"]
[Black "Charest, Johanne"]
[Result "1/2-1/2"]
[WhiteElo "1481"]
[BlackElo "1744"]
[PlyCount "116"]
[EventDate "1993.04.09"]
[EventType "swiss"]
[EventRounds "6"]
[EventCountry "CAN"]
[SourceTitle "EXT 2022"]
[Source "ChessBase"]
[SourceDate "2021.10.06"]
[SourceVersion "1"]
[SourceVersionDate "2021.10.06"]
[SourceQuality "1"]

1. e4 e5 2. Nf3 Nc6 3. Bb5 Bc5 4. d3 Nd4 5. Nxd4 Bxd4 6. c3 Bb6 7. 0-0 c6 8. Ba4 Nf6 9. Bg5 0-0 10. d4 d6 11. Na3 Bc7 12. Re1 b5 13. Bc2 Re8 14. Qd3 Bb6 15. h3 a5 16. Rad1 Ba6 17. Qg3 Qe7 18. d5 c5 19. Nb1 c4 20. Nd2 Bc5 21. Nf1 Bc8 22. Qh4 h6 23. Be3 Nd7 24. Qxe7 Rxe7 25. Bxc5 Nxc5 26. Ng3 g6 27. b3 cxb3 28. axb3 Rc7 29. Ra1 Raa7 30. f3 Bd7 31. Rec1 a4 32. bxa4 Nxa4 33. Bxa4 Rxa4 34. Rxa4 bxa4 35. Kf2 Bb5 36. Ke3 a3 37. Kd2 Bc4 38. Ra1 Rb7 39. Rxa3 Rb2+ 40. Ke3 Rxg2 41. Ra8+ Kg7 42. Rc8 Rxg3 43. Rxc4 Kf8 44. h4 Rh3 45. Rc8+ Ke7 46. Rc7+ Ke8 47. Rc6 Kd7 48. Ra6 f5 49. Ra7+ Kc8 50. Rg7 fxe4 51. Rxg6 Rxf3+ 52. Kxe4 Rf4+ 53. Ke3 Rxh4 54. Rxd6 Rh3+ 55. Ke4 Rxc3 56. Rxh6 Kd7 57. Kxe5 Re3+ 58. Kd4 Re1 1/2-1/2

[Event "Quebec-ch Intercoll"]
[Site "Joliette"]
[Date "1993.04.09"]
[Round "2"]
[White "Latendresse, Simon"]
[Black "Corriveau, Philippe"]
[Result "1-0"]
[WhiteElo "1610"]
[BlackElo "1481"]
[PlyCount "67"]
[EventDate "1993.04.09"]
[EventType "swiss"]
[EventRounds "6"]
[EventCountry "CAN"]
[SourceTitle "EXT 2022"]
[Source "ChessBase"]
[SourceDate "2021.10.06"]
[SourceVersion "1"]
[SourceVersionDate "2021.10.06"]
[SourceQuality "1"]

1. e4 e5 2. Nf3 Nc6 3. Bb5 a6 4. Ba4 Nf6 5. 0-0 b5 6. Bb3 Nxe4 7. d4 d5 8. dxe5 Be6 9. c3 Be7 10. Be3 0-0 11. Nbd2 Bg4 12. Bd4 Bg5 13. Qc2 Nxd2 14. Nxd2 Bf4 15. Rae1 Nxd4 16. cxd4 Qg5 17. Bxd5 Rad8 18. Nf3 Qh5 19. h3 Rxd5 20. hxg4 Qh6 21. g3 Qh3 22. Qe4 Qxg4 23. Qxf4 Qd7 24. Rc1 Rc8 25. Kg2 c6 26. Rh1 c5 27. dxc5 Rdxc5 28. Rxc5 Rxc5 29. Qe4 h6 30. Qa8+ Kh7 31. Ng5+ Kg6 32. Qe4+ Kxg5 33. f4+ Kg4 34. Rh4# 1-0